000 00459nam a2200169 i 4500
001 71511
003 ES-MaACL
005 20230906171142.0
007 t|
008 040812s1918 fr ||||1| fre d
100 1 _aGeniaux, Charles.
_9206430
245 1 3 _aLa passion d'Armelle Louanais
_b: roman /
_cCharles Geniaux.
260 _aParĂ­s :
_b[s.n.,
_c1918] (
_fHemmerlé)
300 _a284 p. ;
_c19 cm.
852 _aES-MaACL
_jF-4534
999 _c71511
_d71511